00649nam a22002057a 4500008004100000020001800041050002200059100002000081245008700101250001200188260003000200300003600230504005100266650001800317650002200335700001900357700002200376700002600398700001900424260612b |||||||| |||| 00| 0 eng d a9780134087924 aRT 41b.S65 2017 aSmith Sandra F. aClinical nursing skills :bbasic to advanced skills /cSandra F, Smith...[et al.]. a9th ed. aBoston :bPearson,c2017. axxxiv, 1417p. :bill. ;c26 cm. aincludes bibliographical references and index. anursing care. aclinical nursing. aDuell Donna J. aMartin barbara C. aAebersold Michelle L. aGonzalez Laura